000 00551nam a2200157 i 4500
001 138881
003 ES-MaACL
005 20230906195646.0
007 t|
008 070214s1915 cu r ||||1| spa d
100 1 _aSantovenia, Emeterio S.
_9103543
245 1 0 _aPrĂ³ceres occidentales
_b: apuntes sobre el proyecto de erigir seis bustos de patriotas de Vuelta Abajo /
_cEmeterio S. Santovenia.
260 _aLa Habana :
_b[s. n.],
_c1915 (
_fImp. `La Universal`)
300 _a15 p. :
_bil. ;
_c23 x 16 cm.
852 _aES-MaACL
_j1680-F-14
_bR.4856
999 _c138881
_d138881